000 01405cam a2200361 i 4500
005 20260322212020.0
008 data
010 _a 2018029446
020 _a9781534437333 (hardback)
020 _a9781534437357 (Ebook)
040 _aDLC
_beng
_erda
_cDLC
042 _apcc
_apcc
050 0 0 _aPZ7.1.L568
_bFi 2018
082 0 0 _a[Fic]
_223
099 _aLIPPIR
100 1 _aLippincott, Rachael,
_eauthor.
245 1 0 _aFive feet apart /
_cRachael Lippincott, Mikki Daughtry & Tobias Iaconis.
250 _aFirst edition.
260 _c2018
264 1 _aNew York, New York :
_bSimon & Schuster Books for Young Readers,
_c2018.
300 _a281 pages ;
_c22 cm
336 _atext
_btxt
_2rdacontent
337 _aunmediated
_bn
_2rdamedia
338 _avolume
_bnc
_2rdacarrier
520 _aSeventeen-year-olds Stella and Will, both suffering from cystic fibrosis, realize the only way to stay alive is to stay apart, but their love for each other is slowly pushing the boundaries of physical and emotional safety.
521 1 _aAges 12 up.
650 1 _aCystic fibrosis
_vFiction.
650 1 _aLove
_vFiction.
700 1 _aDaughtry, Mikki,
_eauthor.
700 1 _aIaconis, Tobias,
_d1971-
_eauthor.
776 0 8 _iOnline version:
_aLippincott, Rachael, author.
_tFive feet apart
_dNew York, New York : Simon & Schuster Books for Young Readers, 2018
_z9781534437357
_w(DLC) 2018037927
001 data
999 _c456
_d456